| 000 | 00549nam a22001937a 4500 | ||
|---|---|---|---|
| 005 | 20160309113552.0 | ||
| 008 | 160309s1973 mx ||||| |||| 00| 0 spa d | ||
| 050 | 0 | 4 |
_aRC694.3 _bF56 1973 |
| 100 | 1 | _aFlores Izquierdo, Gilberto | |
| 245 | 1 | 0 |
_aTromboflebitis / _cGilberto Flores Izquierdo |
| 250 | _a1a ed. | ||
| 260 |
_aMéxico : _bAcademia Nacional de Medicina, _c1973 |
||
| 300 |
_a203 p. ; _c23 cm. |
||
| 504 | _aBibliografĂa: p. 182-200 | ||
| 506 | _2Bib. Med. ISO 2016 | ||
| 650 | 4 | _aTrombosis | |
| 650 | 4 | _aFlebitis | |
| 942 |
_2lcc _cLIB |
||
| 999 |
_c63321 _d63321 |
||